Engineering economics Ed 3 (Record no. 213630)
[ view plain ]
| 000 -LEADER | |
|---|---|
| fixed length control field | 00481nam a2200181Ia 4500 |
| 008 - FIXED-LENGTH DATA ELEMENTS--GENERAL INFORMATION | |
| fixed length control field | 210719s1982 xx 000 0 und d |
| 020 ## - INTERNATIONAL STANDARD BOOK NUMBER | |
| International Standard Book Number | 007052873X |
| 041 ## - LANGUAGE CODE | |
| Language code of text/sound track or separate title | eng |
| 082 ## - DEWEY DECIMAL CLASSIFICATION NUMBER | |
| Classification number | 658.15 RIGE |
| 100 ## - MAIN ENTRY--PERSONAL NAME | |
| Personal name | RIGGS (James L);West (Thomas M) |
| 245 ## - TITLE STATEMENT | |
| Title | Engineering economics Ed 3 |
| 250 ## - EDITION STATEMENT | |
| Edition statement | 3 |
| 260 ## - PUBLICATION, DISTRIBUTION, ETC. | |
| Place of publication, distribution, etc. | New York. |
| Name of publisher, distributor, etc. | McGraw-Hill, Inc., |
| Date of publication, distribution, etc. | 1982 |
| 300 ## - PHYSICAL DESCRIPTION | |
| Extent | xxiii,879 |
| Other physical details | HB |
| 365 ## - TRADE PRICE | |
| Currency code | Rs |
| 650 ## - SUBJECT ADDED ENTRY--TOPICAL TERM | |
| Topical term or geographic name entry element | Financial Management |
| 906 ## - LOCAL DATA ELEMENT F, LDF (RLIN) | |
| a | 3 ; economics ; Ed ; Engineering |
| Withdrawn status | Lost status | Damaged status | Not for loan | Collection code | Home library | Current library | Date acquired | Total Checkouts | Full call number | Barcode | Date last seen | Price effective from | Koha item type |
|---|---|---|---|---|---|---|---|---|---|---|---|---|---|
| St Aloysius Library | St Aloysius Library | 06/07/2002 | 658.15 RIGE | D02170 | 07/19/2021 | 07/19/2021 | Donated Books |